Statistics for WWE Champions

Click here to take the quiz!

General Stats

  • This quiz has been taken 130 times
    (98 since last reset)
  • The average score is 112 of 136

Answer Stats

HintAnswer% Correct
1984 | 1989 | 1991 | +2 othersHulk Hogan
95%
2005 | 2006 | 2009 | +5 othersJohn Cena
94%
1996 | 1997Shawn Michaels
90%
1998 | 1999 | 2000 | +3 othersThe Rock
90%
1991 | 1997 | 1999 | 2002The Undertaker
90%
1999 | 2000 | 2002 | +4 othersTriple H
90%
2007 | 2009 | 2010 | +3 othersRandy Orton
88%
2015 | 2016Roman Reigns
87%
2015 | 2016Seth Rollins
87%
2006 | 2008 | 2009Edge
86%
1998 | 1999 | 2001Stone Cold Steve Austin
86%
2009 | 2010Batista
85%
1998Kane
85%
1992 | 1994 | 1995 | 1997Bret Hart
83%
2002 | 2003 | 2014Brock Lesnar
83%
2016Dean Ambrose
82%
1963 | 1973Bruno Sammartino
81%
2011Rey Mysterio
81%
1992Ric Flair
81%
2017A.J. Styles
79%
2016AJ Styles
79%
1999 | 2002The Big Show
79%
2013 | 2014Daniel Bryan
78%
1994Diesel
78%
1988Andre The Giant
77%
2011CM Punk
77%
2009 | 2010 | 2015Sheamus
77%
1990The Ultimate Warrior
77%
1993Yokozuna
77%
2011Alberto Del Rio
76%
2000 | 2001 | 2002 | 2003Kurt Angle
76%
1998 | 1999Mankind
76%
1988 | 1992Randy Savage
76%
1999Vince McMahon
76%
2017Bray Wyatt
74%
2004Eddie Guerrero
73%
2017Jinder Mahal
73%
2010The MIz
73%
2001Chris Jericho
72%
1963Buddy Rogers
71%
2008Jeff Hardy
69%
1996 | 1997Sycho Sid
69%
1978 | 1979 | 1994Bob Backlund
68%
2004JBL
68%
2006Rob Van Dam
67%
1991Sgt. Slaughter
65%
1983The Iron Sheik
60%
1977Billy Graham
54%
1971Pedro Morales
51%
1971Ivan Koloff
50%
1973Stan Stasiak
50%
1979Antonio Inoki
22%

Score Distribution

Percentile by Number Answered

Percent of People with Each Score

Your Score History

You have not taken this quiz since the last reset